| 000 | 00834nam a2200217Ia 4500 | ||
|---|---|---|---|
| 001 | 16790 | ||
| 003 | GE_BSU | ||
| 008 | 181216s||||||||xx |||||||||||||| ||und|| | ||
| 040 | _cGE_BSU | ||
| 080 | _a355.486(47+57)"1941-1945 | ||
| 100 | _aთავართქილაძე, ნიკოლოზ | ||
| 245 | _aიყო ასეთი დღეები | ||
| 245 | _b51-ე გვარდიული დივიზიის საბრძოლო ისტორიიდან | ||
| 260 | _aთბილისი | ||
| 260 | _bსაბჭ. საქართველო | ||
| 260 | _c1968 | ||
| 300 | _a299გვ. : პორტრ. ; 20სმ | ||
| 653 | _aიყო ასეთი დღეები | ||
| 653 | _aსსრ კავშირის დიდი სამამულო ომი | ||
| 942 | _cBK | ||
| 999 |
_c49855 _d49855 |
||